00815nam a22001817a 4500003000900000008004100009040007100050082001600121100002800137245024500165260007900410300003700489650002300526650001300549650002800562650001600590650002700606AR-CdUCM190228b ||||| |||| 00| 0 spa d aMUNICIPALIDAD PROVINCIAL DEL CUSCOcBIBLIOTECA MUNICIPAL DEL CUSCO a241 / bP44 aPérez Bocanegra, Juan aRitual formulario, e institucion de curas, para administrar a los naturales de este reyno, los santos sacramentos del baptismo, confirmacion, eucaristia, y viatico, penitencia, extremauncion, y matrimonio, con advertencias muy necessarias / aEn Lima : bpor Geronymo de Contreras, junto al Convento de Santo Domingo, aCXVIII ; 720 páginas ;c21 cm. aIglesia Católica aLiturgia aObras anteriores a 1700 aSacramentos aTeología dogmática